<?xml version="1.0" encoding="UTF-8"?>
<record
    xmlns:xsi="http://www.w3.org/2001/XMLSchema-instance"
    xsi:schemaLocation="http://www.loc.gov/MARC21/slim http://www.loc.gov/standards/marcxml/schema/MARC21slim.xsd"
    xmlns="http://www.loc.gov/MARC21/slim">

  <leader>02662nam a2200337 a 4500</leader>
  <controlfield tag="001">BRCA_3078</controlfield>
  <controlfield tag="005">20190320204111.0</controlfield>
  <controlfield tag="008">270109s1825----fr-a---###---#000-0dfre-u</controlfield>
  <datafield tag="041" ind1=" " ind2=" ">
    <subfield code="a">fre</subfield>
  </datafield>
  <datafield tag="044" ind1=" " ind2=" ">
    <subfield code="a">fr</subfield>
  </datafield>
  <datafield tag="084" ind1=" " ind2=" ">
    <subfield code="a">385</subfield>
    <subfield code="b">.D456</subfield>
    <subfield code="c">1825</subfield>
  </datafield>
  <datafield tag="100" ind1="1" ind2=" ">
    <subfield code="a">Cervantes Saavedra, Miguel de</subfield>
    <subfield code="d">1547-1616</subfield>
    <subfield code="9">213</subfield>
  </datafield>
  <datafield tag="245" ind1="1" ind2="0">
    <subfield code="a">Histoire de L&#xB4;Admirable Don Quichotte de la Manche</subfield>
    <subfield code="c">Traduction de Filleau de Saint-Martin.</subfield>
  </datafield>
  <datafield tag="260" ind1=" " ind2=" ">
    <subfield code="a">Par&#xED;s</subfield>
    <subfield code="b">Delongchamps</subfield>
    <subfield code="c">1825</subfield>
  </datafield>
  <datafield tag="300" ind1=" " ind2=" ">
    <subfield code="a">6 v.</subfield>
    <subfield code="b">il.</subfield>
    <subfield code="c">21 cm.</subfield>
  </datafield>
  <datafield tag="500" ind1=" " ind2=" ">
    <subfield code="a">Contenido : v 1. Primera parte. Retrato de Cervantes por Dever&#xED;a. Ensayo sobre la vida y obra de Cervantes. Pr&#xF3;logo del autor. Texto. -- v 2. Texto. Segunda parte. Texto. -- v 3. Texto. -- v 4. Texto. Primera parte de la continuaci&#xF3;n escrita por el traductor. texto. -- v 5.  Texto. -- v 6. Segunda parte de la continuaci&#xF3;n escrita por el traductor. Texto</subfield>
  </datafield>
  <datafield tag="500" ind1=" " ind2=" ">
    <subfield code="a">Edici&#xF3;n : Avec un Essai sur la Vie et sur les Ouvrages de Cervantes, par M. Auger, de L&#xB4;Acad&#xE9;mie Francaise</subfield>
  </datafield>
  <datafield tag="500" ind1=" " ind2=" ">
    <subfield code="a">Adem&#xE1;s de la correcci&#xF3;n del texto, se restableci&#xF3; en esta edici&#xF3;n el pr&#xF3;logo de Cervantes, que se hab&#xED;a publicado por vez primera, en 1752. El ensayo sobre la Vida y obras de Cervantes de L. Simon Auger, si bien sin novedades biogr&#xE1;ficas, es interesante por sus observaciones y la cr&#xED;tica del Quijote, as&#xED; como por el entusiasmo que muestra por el idioma espa&#xF1;ol. Sobre la novela escribe que es una de las m&#xE1;s asombrosas maravillas del ingenio humano y uno de los m&#xE1;s singulares fen&#xF3;menos de la historia literaria; y sobre el idioma espa&#xF1;ol dice: la espa&#xF1;ola es la lengua m&#xE1;s  hermosa que se habla bajo el cielo, desde que la de los griegos ya no suena. Como sus compatriotas lo confirman, el autor del Quijote ha escrito divinamente en esta lengua divina. Asimismo, cuenta esta edici&#xF3;n con un extra&#xF1;o retrato de Cervantes, dibujado por Deveria, quien se apoder&#xF3; del negroide de Choquet (No. 384), y consigui&#xF3; transformarlo en un Cervantes semin&#xF3;rdico. Tambi&#xE9;n las l&#xE1;minas son obra de Deveria. Semipiel; lomeras adornadas con dorados L&#xFA;dovik Osterc</subfield>
  </datafield>
  <datafield tag="500" ind1=" " ind2=" ">
    <subfield code="a">QM308</subfield>
  </datafield>
  <datafield tag="546" ind1=" " ind2=" ">
    <subfield code="a">Texto en : franc&#xE9;s</subfield>
  </datafield>
  <datafield tag="650" ind1="1" ind2="4">
    <subfield code="a">Novela espa&#xF1;ola</subfield>
    <subfield code="y">&#xC9;poca cl&#xE1;sica, 1500-1700</subfield>
    <subfield code="9">215</subfield>
  </datafield>
  <datafield tag="650" ind1="1" ind2="4">
    <subfield code="a">Literatura espa&#xF1;ola</subfield>
    <subfield code="y">&#xC9;poca cl&#xE1;sica, 1500-1700</subfield>
    <subfield code="9">216</subfield>
  </datafield>
  <datafield tag="650" ind1="1" ind2="4">
    <subfield code="a">Novela espa&#xF1;ola</subfield>
    <subfield code="y">Siglo XVII</subfield>
    <subfield code="9">217</subfield>
  </datafield>
  <datafield tag="650" ind1="1" ind2="4">
    <subfield code="a">Don Quijote (Personaje ficticio)</subfield>
    <subfield code="e">Novela</subfield>
    <subfield code="9">218</subfield>
  </datafield>
  <datafield tag="700" ind1="1" ind2=" ">
    <subfield code="a">Saint-Martin, Francois Filleau de</subfield>
    <subfield code="d">1632-1695</subfield>
    <subfield code="e">Traductor</subfield>
    <subfield code="9">8408</subfield>
  </datafield>
  <datafield tag="700" ind1="1" ind2=" ">
    <subfield code="a">Dever&#xED;a</subfield>
    <subfield code="e">Ilustrador</subfield>
    <subfield code="9">8409</subfield>
  </datafield>
  <datafield tag="700" ind1="1" ind2=" ">
    <subfield code="a">Auger, Louis-Simon</subfield>
    <subfield code="d">1772-1829</subfield>
    <subfield code="e">Bi&#xF3;grafo</subfield>
    <subfield code="9">8410</subfield>
  </datafield>
  <datafield tag="740" ind1="0" ind2=" ">
    <subfield code="a">El Ingenioso Hidalgo Don Quijote de la Mancha</subfield>
  </datafield>
  <datafield tag="902" ind1=" " ind2=" ">
    <subfield code="a">QFM</subfield>
  </datafield>
  <datafield tag="942" ind1=" " ind2=" ">
    <subfield code="2">lcc</subfield>
    <subfield code="c">B</subfield>
  </datafield>
  <datafield tag="999" ind1=" " ind2=" ">
    <subfield code="c">2814</subfield>
    <subfield code="d">2814</subfield>
  </datafield>
  <datafield tag="952" ind1=" " ind2=" ">
    <subfield code="0">0</subfield>
    <subfield code="1">0</subfield>
    <subfield code="4">0</subfield>
    <subfield code="7">0</subfield>
    <subfield code="a">BRCA</subfield>
    <subfield code="b">BRCA</subfield>
    <subfield code="d">2009-01-27</subfield>
    <subfield code="i">QM308</subfield>
    <subfield code="l">0</subfield>
    <subfield code="o">385 .D456 1825 (QM308)</subfield>
    <subfield code="p">3075</subfield>
    <subfield code="r">2019-03-22 00:00:00</subfield>
    <subfield code="w">2019-03-22</subfield>
    <subfield code="y">B</subfield>
  </datafield>
</record>
